00479nam a2200169Ia 4500008004100000020000900041040001900050041001200069082002800081100001800109245004200127260004100169300002300210504004000233650002600273850001000299131103s9999 xx 000 0 und d cRs.8 aLoreto College aEnglish a954.03/KORbLCLIB/15984 aKormocar,K.C. aChandernagar et DupleixcK.C.Kormocar aCalcuttabKalyan Mookerjeec[19 - ?] ax,232 p. c 18 cm. aIncludes bibliographical references aIndian Modern History aLCLIB